000 00476nam a2200181Ia 4500
001 21208
005 20260306172902.0
008 260306t2021||||xx |||||||||||||| ||spa||
041 _aESP
082 _a344.2
_bP42T
100 _aPeña Cabrera Freyre, Alonso Raúl
_eAUT
245 0 _aLa teoría del delito y la teoría del caso en el proceso penal
260 _c2021
300 _a685 páginas :
_c25 cm.
650 _aGEN
654 _aCDE
942 _cLIB
_dJUS
_fJUS
_2ddc
_n
999 _c21208
_d21208